[Event "National Chess Championship 2015"]
[Site "SLIIT,Malambe"]
[Date "2015.07.05"]
[Round "4"]
[Board "4"]
[White "Herath, H M A K"]
[Black "Naotunna, Dineth Nimnaka"]
[Result "0-1"]
[WhiteElo "2014"]
[BlackElo "1930"]
[PlyCount "94"]
[EventDate "2015.07.04"]
[EventRounds "13"]
[EventCountry "SRI"]

1. e4 c5 2. Nf3 Nc6 3. d4 cxd4 4. Nxd4 e5 5. Nb3 Nf6 6. Nc3 Bb4 7. Bd3 d5 8.
exd5 Nxd5 9. Bd2 Nxc3 10. bxc3 Be7 11. O-O O-O 12. f4 exf4 13. Bxf4 Bf6 14. Qf3
Be6 15. Rad1 Qb6+ 16. Kh1 Ne7 17. c4 Qc6 18. Qg3 Ng6 19. Bxg6 hxg6 20. c5 b6
21. Bd6 Rfd8 22. Qe3 Rd7 23. Nd4 Bxd4 24. Qxd4 Rad8 25. Rd3 Bf5 26. Rxf5 gxf5
27. Rg3 f6 28. Qxf6 Re8 29. h3 bxc5 30. Be5 Qxf6 31. Bxf6 Re2 32. Bg5 Rxc2 33.
Ra3 c4 34. Kg1 c3 35. Be3 Rdd2 36. Bxd2 cxd2 37. Rd3 Rc1+ 38. Kf2 d1=Q 39. Rxd1
Rxd1 40. Kf3 Ra1 41. Kf4 Rxa2 42. Kxf5 Rxg2 43. Ke4 a5 44. Kd3 a4 45. Kc3 a3
46. Kb3 a2 47. Kb4 a1=Q 0-1

[Event "National Chess Championship 2015"]
[Site "SLIIT,Malambe"]
[Date "2015.07.05"]
[Round "4"]
[Board "5"]
[White "Peiris, T S S"]
[Black "Kurukulasuriya, Prasanna"]
[Result "1/2-1/2"]
[WhiteElo "2022"]
[BlackElo "2084"]
[PlyCount "119"]
[EventDate "2015.07.04"]
[EventRounds "13"]
[EventCountry "SRI"]

1. e4 c5 2. c3 Nf6 3. e5 Nd5 4. d4 cxd4 5. Nf3 Nc6 6. cxd4 d6 7. Bc4 Nb6 8. Bb5
dxe5 9. Nxe5 Bd7 10. Nxd7 Qxd7 11. Nc3 e6 12. O-O Rd8 13. Be3 Be7 14. Qg4 O-O
15. Rad1 Kh8 16. d5 exd5 17. Qxd7 Rxd7 18. Bxb6 axb6 19. Rxd5 Rfd8 20. Rfd1
Rxd5 21. Rxd5 Kg8 22. Kf1 Kf8 23. Bc4 Bf6 24. Rxd8+ Bxd8 25. Nd5 Ke8 26. Ke2
Kd7 27. Ne3 Nd4+ 28. Kd3 Ne6 29. Bd5 b5 30. g3 Kd6 31. Bxe6 Kxe6 32. Nc2 Kd5
33. Ne3+ Kc5 34. a3 g6 35. f3 f5 36. b4+ Kc6 37. Nc2 Bf6 38. Nd4+ Bxd4 39. Kxd4
Kd6 40. h3 h6 41. g4 h5 42. gxh5 gxh5 43. h4 Ke6 44. Kc5 Ke5 45. Kxb5 Kf4 46.
Kb6 Kxf3 47. Kxb7 Kg4 48. Ka7 f4 49. b5 f3 50. b6 f2 51. b7 f1=Q 52. b8=Q Kxh4
53. a4 Qf2+ 54. Qb6 Kg3 55. Qxf2+ Kxf2 56. Kb8 h4 57. a5 h3 58. a6 h2 59. a7
h1=Q 60. a8=Q 1/2-1/2

[Event "National Chess Championship 2015"]
[Site "SLIIT,Malambe"]
[Date "2015.07.05"]
[Round "4"]
[Board "6"]
[White "Edirisinghe, Dulan"]
[Black "Doluweera, Minul Sanjula"]
[Result "1/2-1/2"]
[WhiteElo "2051"]
[BlackElo "2042"]
[PlyCount "60"]
[EventDate "2015.07.04"]
[EventRounds "13"]
[EventCountry "SRI"]

1. Nf3 Nf6 2. c4 e6 3. b3 d5 4. Bb2 Nbd7 5. e3 b6 6. d4 Bb7 7. Nbd2 c5 8. Bd3
Be7 9. O-O O-O 10. Rc1 Rc8 11. Ne5 dxc4 12. Ndxc4 cxd4 13. Bxd4 Nxe5 14. Nxe5
Qd5 15. f3 Rxc1 16. Qxc1 Rc8 17. Bc4 Qa5 18. Qb2 Ba3 19. Qe2 Bc5 20. Bxc5 Qxc5
21. Nd3 Qa3 22. Rd1 Nd5 23. Qd2 h6 24. Rc1 Qe7 25. Bxd5 Rxc1+ 26. Qxc1 Bxd5 27.
Qc8+ Kh7 28. Qc2 Kg8 29. Qc8+ Kh7 30. Qc2 Kg8 1/2-1/2

[Event "National Chess Championship 2015"]
[Site "SLIIT,Malambe"]
[Date "2015.07.05"]
[Round "4"]
[Board "7"]
[White "Thilakarathne, G M H"]
[Black "Weerawardane, Romesh"]
[Result "1-0"]
[WhiteElo "1972"]
[BlackElo "2110"]
[PlyCount "55"]
[EventDate "2015.07.04"]
[EventRounds "13"]
[EventCountry "SRI"]

1. e4 c5 2. Nf3 Nc6 3. d4 cxd4 4. Nxd4 Nf6 5. Nc3 Qb6 6. Nb3 e6 7. Be3 Qc7 8.
Bd3 d6 9. O-O a6 10. f4 Be7 11. Qf3 O-O 12. Rae1 b5 13. Kh1 Bb7 14. a3 Rfe8 15.
Qh3 g6 16. Nd2 b4 17. axb4 Nxb4 18. Nf3 Nxd3 19. cxd3 h5 20. f5 exf5 21. exf5
Ng4 22. fxg6 fxg6 23. Bd4 Rf8 24. Qg3 Kh7 25. h3 Nh6 26. Re6 Rg8 27. Rxe7+ Qxe7
28. Ng5+ 1-0

[Event "National Chess Championship 2015"]
[Site "SLIIT,Malambe"]
[Date "2015.07.06"]
[Round "5"]
[Board "1"]
[White "Weerawardane, Romesh"]
[Black "Galappaththi, Chinthaka Anurud"]
[Result "1/2-1/2"]
[WhiteElo "2110"]
[BlackElo "2098"]
[PlyCount "60"]
[EventDate "2015.07.04"]
[EventRounds "13"]
[EventCountry "SRI"]

1. Nf3 Nf6 2. d4 e6 3. c4 c5 4. g3 d5 5. cxd5 exd5 6. Nc3 Nc6 7. Bg2 Be7 8. O-O
O-O 9. Bg5 h6 10. Bxf6 Bxf6 11. dxc5 Be6 12. Qa4 Qe7 13. Rac1 Qxc5 14. Ne4 Qe7
15. Nxf6+ Qxf6 16. e3 Qxb2 17. Rb1 Qc3 18. Rxb7 Rab8 19. Rb3 Rxb3 20. Qxb3 Qxb3
21. axb3 Rb8 22. Rc1 Rb6 23. Nd2 Na5 24. Rc5 Nxb3 25. Nxb3 Rxb3 26. Bxd5 Bxd5
27. Rxd5 Rb7 28. Rd8+ Kh7 29. Kg2 Kg6 30. h4 h5 1/2-1/2

[Event "National Chess Championship 2015"]
[Site "SLIIT,Malambe"]
[Date "2015.07.06"]
[Round "5"]
[Board "2"]
[White "Doluweera, Minul Sanjula"]
[Black "Thilakarathne, G M H"]
[Result "1-0"]
[WhiteElo "2042"]
[BlackElo "1972"]
[PlyCount "84"]
[EventDate "2015.07.04"]
[EventRounds "13"]
[EventCountry "SRI"]

1. d4 Nf6 2. c4 e6 3. Nf3 Bb4+ 4. Nbd2 O-O 5. a3 Bxd2+ 6. Bxd2 b6 7. g3 Bb7 8.
Bg2 d6 9. O-O Nbd7 10. Bc3 Ne4 11. Qc2 f5 12. Rfd1 Ndf6 13. Be1 Qe7 14. b4 c5
15. dxc5 bxc5 16. b5 Rac8 17. a4 d5 18. Ne5 Qc7 19. Qb2 d4 20. Nd3 Nd6 21. Bxb7
Nxb7 22. a5 Nd7 23. Nf4 Rf6 24. e3 g5 25. Ne2 e5 26. exd4 cxd4 27. Nxd4 exd4
28. Qxd4 Nbc5 29. Bc3 Ne4 30. Bb2 Ndc5 31. f3 Ne6 32. Qd5 Rd8 33. Qe5 Rxd1+ 34.
Rxd1 Qxa5 35. fxe4 Qb6+ 36. c5 Qxb5 37. Qxf6 Qxc5+ 38. Bd4 Qd6 39. exf5 Nxd4
40. Qxd6 Nxf5 41. Qc7 Ng7 42. Rd8+ Ne8 1-0

[Event "National Chess Championship 2015"]
[Site "SLIIT,Malambe"]
[Date "2015.07.06"]
[Round "5"]
[Board "3"]
[White "Kurukulasuriya, Prasanna"]
[Black "Edirisinghe, Dulan"]
[Result "1/2-1/2"]
[WhiteElo "2084"]
[BlackElo "2051"]
[PlyCount "86"]
[EventDate "2015.07.04"]
[EventRounds "13"]
[EventCountry "SRI"]

1. d4 f5 2. Nc3 Nf6 3. Bg5 d5 4. Bxf6 exf6 5. e3 c6 6. Bd3 Bd6 7. Qf3 g6 8.
Nge2 Qe7 9. h3 Na6 10. Bxa6 bxa6 11. Na4 Rb8 12. Nf4 Rb4 13. b3 Rxd4 14. Nd3
Rh4 15. O-O-O Re4 16. Kb1 O-O 17. h4 Be6 18. Nc3 Rg4 19. Ne2 a5 20. g3 Re4 21.
Nc3 Bb4 22. Nxb4 Rxb4 23. Ne2 a4 24. Nd4 Bd7 25. h5 axb3 26. axb3 g5 27. Nxf5
Qe5 28. Rd4 Rxb3+ 29. cxb3 Bxf5+ 30. Ka2 Be4 31. Rxe4 dxe4 32. Qe2 Rd8 33. Rd1
Qa5+ 34. Kb2 Rd5 35. Qc4 Kg7 36. Rxd5 cxd5 37. Qd4 g4 38. Qd1 f5 39. Qd4+ Kf7
40. h6 Ke6 41. Qh8 Qd2+ 42. Ka3 Qa5+ 43. Kb2 Qd2+ 1/2-1/2

[Event "National Chess Championship 2015"]
[Site "SLIIT,Malambe"]
[Date "2015.07.06"]
[Round "5"]
[Board "4"]
[White "Naotunna, Dineth Nimnaka"]
[Black "Peiris, T S S"]
[Result "1-0"]
[WhiteElo "1930"]
[BlackElo "2022"]
[PlyCount "57"]
[EventDate "2015.07.04"]
[EventRounds "13"]
[EventCountry "SRI"]

1. d4 Nf6 2. Bf4 d6 3. c4 g6 4. Nc3 Bg7 5. e4 O-O 6. Qd2 Na6 7. f3 c5 8. d5 Bd7
9. g4 Ne8 10. Bh6 e6 11. h4 e5 12. O-O-O Rb8 13. Nh3 f6 14. Bxg7 Kxg7 15. f4
Qe7 16. f5 Nec7 17. Rg1 gxf5 18. exf5 Kh8 19. Bd3 b5 20. g5 fxg5 21. hxg5 bxc4
22. f6 Rxf6 23. gxf6 Qxf6 24. Rdf1 Qe7 25. Ng5 Rf8 26. Rxf8+ Qxf8 27. Bxh7 Nb4
28. Be4 Nd3+ 29. Bxd3 1-0

[Event "National Chess Championship 2015"]
[Site "SLIIT,Malambe"]
[Date "2015.07.06"]
[Round "5"]
[Board "5"]
[White "Piyumantha, M Sasith Nipun"]
[Black "Herath, H M A K"]
[Result "0-1"]
[WhiteElo "1928"]
[BlackElo "2014"]
[PlyCount "84"]
[EventDate "2015.07.04"]
[EventRounds "13"]
[EventCountry "SRI"]

1. d4 d5 2. c4 e6 3. Nf3 c5 4. cxd5 exd5 5. g3 Nc6 6. Bg2 Nf6 7. O-O Be7 8. Nc3
O-O 9. Bg5 cxd4 10. Nxd4 h6 11. Be3 Re8 12. Rc1 Bg4 13. h3 Bd7 14. Kh2 Be6 15.
Nxc6 bxc6 16. Na4 Bd7 17. Bc5 Qc8 18. Bxe7 Rxe7 19. Nc5 h5 20. Re1 Bf5 21. Qd4
Qe8 22. Bf3 Be4 23. Bxe4 Nxe4 24. Nxe4 Rxe4 25. Qd3 Qe6 26. Rc2 a5 27. Qc3 Qf5
28. Qc5 Rae8 29. Kg2 R8e6 30. Rc3 Rxe2 31. Rxe2 Rxe2 32. Rf3 Qe6 33. Qxa5 Rxb2
34. Qd8+ Kh7 35. a4 c5 36. Qg5 g6 37. Rd3 Qc6 38. Qe7 Rb7 39. Qf8 d4+ 40. Rf3
d3 41. Qd8 Rd7 42. Qg5 d2 0-1

[Event "National Chess Championship 2015"]
[Site "SLIIT,Malambe"]
[Date "2015.07.06"]
[Round "5"]
[Board "6"]
[White "De Silva, Elath Mathanga"]
[Black "Priyankara, Chamil"]
[Result "0-1"]
[WhiteElo "1985"]
[BlackElo "2018"]
[PlyCount "50"]
[EventDate "2015.07.04"]
[EventRounds "13"]
[EventCountry "SRI"]

1. d4 Nf6 2. Nf3 g6 3. g3 Bg7 4. Bg2 O-O 5. O-O d6 6. a4 Nbd7 7. a5 a6 8. Nc3
c5 9. d5 b5 10. axb6 Nxb6 11. h3 Nfd7 12. e4 a5 13. Re1 a4 14. Ra3 Bb7 15. Bf1
Ba6 16. Nb5 Qb8 17. c4 Nxc4 18. Bxc4 Bxb5 19. b3 Bxc4 20. bxc4 Qb4 21. Qd3 Ne5
22. Nxe5 Qxe1+ 23. Kg2 Bxe5 24. Bd2 Qd1 25. Ra2 Qb3 0-1

[Event "National Chess Championship 2015"]
[Site "SLIIT,Malambe"]
[Date "2015.07.06"]
[Round "5"]
[Board "7"]
[White "Alahakoon, Isuru"]
[Black "Subasinghe, K R V R"]
[Result "1/2-1/2"]
[WhiteElo "2054"]
[BlackElo "1874"]
[PlyCount "111"]
[EventDate "2015.07.04"]
[EventRounds "13"]
[EventCountry "SRI"]

1. Nf3 d5 2. g3 Nf6 3. Bg2 e6 4. O-O Be7 5. d3 O-O 6. Nbd2 c5 7. e4 Nc6 8. Re1
dxe4 9. dxe4 e5 10. c3 Bg4 11. Qc2 Qc7 12. Nc4 Rad8 13. Ne3 Bxf3 14. Bxf3 g6
15. Nd5 Nxd5 16. exd5 Nb8 17. Bh6 Rfe8 18. Rad1 Qd6 19. Be3 Nd7 20. Bg2 f5 21.
f4 Bf6 22. fxe5 Bxe5 23. Bg5 Bf6 24. Re6 Qf8 25. Bxf6 Nxf6 26. Rde1 Kg7 27. Qa4
a6 28. Qf4 Rxe6 29. Rxe6 Qf7 30. Qe5 Re8 31. h3 Rxe6 32. dxe6 Qe7 33. g4 fxg4
34. hxg4 h6 35. Bf3 b6 36. Kg2 Kh7 37. Kg3 Ne8 38. Bc6 Ng7 39. Bd5 Ne8 40. Qb8
Qc7+ 41. Qxc7+ Nxc7 42. e7 Kg7 43. Be4 g5 44. Bd3 Kf7 45. e8=Q+ Kxe8 46. Kf3
Ke7 47. Ke4 Kf6 48. a4 b5 49. a5 Ke6 50. Be2 Ne8 51. b4 Nd6+ 52. Kd3 cxb4 53.
cxb4 Ke5 54. Ke3 Ne4 55. Bf3 Nc3 56. Bb7 1/2-1/2

[Event "National Chess Championship 2015"]
[Site "SLIIT,Malambe"]
[Date "2015.07.06"]
[Round "6"]
[Board "1"]
[White "Galappaththi, Chinthaka Anurud"]
[Black "Subasinghe, K R V R"]
[Result "1/2-1/2"]
[WhiteElo "2098"]
[BlackElo "1874"]
[PlyCount "60"]
[EventDate "2015.07.04"]
[EventRounds "13"]
[EventCountry "SRI"]

1. d4 d5 2. Nf3 Nf6 3. e3 e6 4. Bd3 c5 5. b3 Be7 6. O-O O-O 7. Nbd2 Nc6 8. Bb2
b6 9. Ne5 Bb7 10. f4 Rc8 11. a3 Nb8 12. Qf3 cxd4 13. Bxd4 Nc6 14. Nxc6 Bxc6 15.
b4 Nd7 16. Bxh7+ Kxh7 17. Qh5+ Kg8 18. Bxg7 Kxg7 19. Qg4+ Bg5 20. Nf3 f6 21.
fxg5 f5 22. Qd4+ Kg8 23. Ne5 Nxe5 24. Qxe5 Qe7 25. Rf4 Rfe8 26. h4 Qg7 27.
Qxg7+ Kxg7 28. Raf1 Bd7 29. g4 Rxc2 30. gxf5 exf5 1/2-1/2

[Event "National Chess Championship 2015"]
[Site "SLIIT,Malambe"]
[Date "2015.07.06"]
[Round "6"]
[Board "2"]
[White "Priyankara, Chamil"]
[Black "Alahakoon, Isuru"]
[Result "1/2-1/2"]
[WhiteElo "2018"]
[BlackElo "2054"]
[PlyCount "51"]
[EventDate "2015.07.04"]
[EventRounds "13"]
[EventCountry "SRI"]

1. e4 c5 2. Nf3 e6 3. d4 cxd4 4. Nxd4 Nc6 5. Nc3 a6 6. Be3 Qc7 7. Qf3 Ne5 8.
Qg3 h5 9. O-O-O h4 10. Qh3 b5 11. f4 Nc4 12. Bxc4 Qxc4 13. f5 Bb7 14. Rhf1 Rc8
15. fxe6 dxe6 16. Rxf7 Kxf7 17. b3 Ba3+ 18. Kb1 Qxc3 19. Qxe6+ Kf8 20. Rf1+ Nf6
21. Rxf6+ gxf6 22. Qxf6+ Kg8 23. Qg6+ Kf8 24. Qf6+ Kg8 25. Qg6+ Kf8 26. Qf6+
 1/2-1/2

[Event "National Chess Championship 2015"]
[Site "SLIIT,Malambe"]
[Date "2015.07.06"]
[Round "6"]
[Board "3"]
[White "Herath, H M A K"]
[Black "De Silva, Elath Mathanga"]
[Result "1-0"]
[WhiteElo "2014"]
[BlackElo "1985"]
[PlyCount "71"]
[EventDate "2015.07.04"]
[EventRounds "13"]
[EventCountry "SRI"]

1. e4 c5 2. Nf3 Nc6 3. d4 cxd4 4. Nxd4 e5 5. Nb3 d6 6. Nc3 Be6 7. Be2 Be7 8.
O-O Nf6 9. f4 exf4 10. Bxf4 O-O 11. Kh1 Ne5 12. Nd4 Ng6 13. Be3 a6 14. Nf5 Bxf5
15. exf5 Ne5 16. Nd5 Nxd5 17. Qxd5 Qc7 18. c3 Rac8 19. Rad1 b5 20. a3 Rfe8 21.
Bf4 Qc5 22. Bxe5 dxe5 23. Qe4 Rcd8 24. Qb7 Qc8 25. Rxd8 Qxd8 26. Qxa6 Qd2 27.
Qxb5 Rd8 28. h3 Qe3 29. Bc4 e4 30. Qb7 Kf8 31. a4 Qg3 32. a5 Rd2 33. Rg1 g6 34.
f6 Qxg2+ 35. Rxg2 Rd1+ 36. Rg1 1-0

[Event "National Chess Championship 2015"]
[Site "SLIIT,Malambe"]
[Date "2015.07.06"]
[Round "6"]
[Board "4"]
[White "Peiris, T S S"]
[Black "Piyumantha, M Sasith Nipun"]
[Result "1/2-1/2"]
[WhiteElo "2022"]
[BlackElo "1928"]
[PlyCount "145"]
[EventDate "2015.07.04"]
[EventRounds "13"]
[EventCountry "SRI"]

1. e4 c5 2. c3 g6 3. d4 cxd4 4. cxd4 d5 5. exd5 Nf6 6. Nc3 Nxd5 7. Bb5+ Nc6 8.
Nf3 Bg7 9. O-O O-O 10. h3 Nb6 11. Be3 Be6 12. Qd2 Bd5 13. Nxd5 Qxd5 14. Bxc6
Qxc6 15. Bh6 Rfd8 16. Bxg7 Kxg7 17. Rfe1 Qd6 18. Qe2 e6 19. Qe4 Qd5 20. Qf4 Qf5
21. Qd2 Rac8 22. Rac1 Qd5 23. b3 Rxc1 24. Qxc1 Qd6 25. Qb2 Nd5 26. Rc1 Rd7 27.
Rc4 Rc7 28. Qc1 b5 29. Rc5 b4 30. Qc4 Qb6 31. Ne5 Rxc5 32. dxc5 Qc7 33. Nf3 Kf8
34. Nd4 a5 35. Nc2 Qf4 36. Ne3 Qxc4 37. Nxc4 Ke7 38. Nxa5 Kd7 39. Kf1 Nc3 40.
Ke1 Nxa2 41. Kd2 Nc3 42. Kd3 Nd5 43. g3 f5 44. Kc4 Kc7 45. f4 h6 46. h4 Kd7 47.
Kb5 e5 48. fxe5 Ke6 49. Nc4 g5 50. hxg5 hxg5 51. c6 f4 52. gxf4 gxf4 53. Kc5 f3
54. Kd4 f2 55. Nd2 Ne7 56. c7 Kd7 57. Ke3 Nc6 58. Kxf2 Nxe5 59. c8=Q+ Kxc8 60.
Ke3 Nc6 61. Nc4 Kb7 62. Ke4 Ka6 63. Kd5 Na5 64. Nxa5 Kxa5 65. Kc4 Ka6 66. Kd5
Kb5 67. Kd4 Kb6 68. Kc4 Kc6 69. Kxb4 Kb6 70. Kc4 Kc6 71. Kd4 Kd6 72. Kc4 Kc6
73. Kb4 1/2-1/2

[Event "National Chess Championship 2015"]
[Site "SLIIT,Malambe"]
[Date "2015.07.06"]
[Round "6"]
[Board "5"]
[White "Edirisinghe, Dulan"]
[Black "Naotunna, Dineth Nimnaka"]
[Result "1-0"]
[WhiteElo "2051"]
[BlackElo "1930"]
[PlyCount "69"]
[EventDate "2015.07.04"]
[EventRounds "13"]
[EventCountry "SRI"]

1. e4 d5 2. exd5 Nf6 3. d4 Nxd5 4. c4 Nb6 5. Nc3 e6 6. Nf3 c5 7. Be3 cxd4 8.
Nxd4 Be7 9. Qf3 O-O 10. Rd1 N8d7 11. Qg3 Bh4 12. Qh3 Bf6 13. Be2 Qe7 14. O-O g6
15. Ne4 e5 16. Nb5 Bg7 17. Ned6 a6 18. Nc3 Rd8 19. Qf3 f5 20. Nxc8 Raxc8 21.
Qxb7 Nxc4 22. Bxc4+ Rxc4 23. Qd5+ Qf7 24. Bg5 Qxd5 25. Rxd5 Rb8 26. Rxd7 Rxb2
27. Nd5 e4 28. Nf6+ Bxf6 29. Bxf6 Rxa2 30. Rfd1 Rc8 31. h4 Rac2 32. Rg7+ Kf8
33. Rdd7 R2c6 34. Rxh7 Ke8 35. Rde7+ 1-0

[Event "National Chess Championship 2015"]
[Site "SLIIT,Malambe"]
[Date "2015.07.06"]
[Round "6"]
[Board "6"]
[White "Thilakarathne, G M H"]
[Black "Kurukulasuriya, Prasanna"]
[Result "0-1"]
[WhiteElo "1972"]
[BlackElo "2084"]
[PlyCount "144"]
[EventDate "2015.07.04"]
[EventRounds "13"]
[EventCountry "SRI"]

1. e4 c5 2. Nf3 d6 3. d4 cxd4 4. Nxd4 Nf6 5. Nc3 a6 6. h3 e6 7. g4 Be7 8. g5
Nfd7 9. h4 b5 10. Be3 Bb7 11. Bg2 Nb6 12. Rh3 N8d7 13. a3 Rc8 14. Kf1 Nc5 15.
Nde2 Nba4 16. Nxa4 Nxa4 17. b3 Nc5 18. Ng3 O-O 19. Qd2 Qc7 20. h5 Nd7 21. Rc1
Rfd8 22. Bd4 Nc5 23. Bb2 d5 24. g6 Nxe4 25. gxf7+ Kxf7 26. Nxe4 dxe4 27. Qe3
Qc5 28. Rg3 Bf6 29. Qf4 Qf5 30. Qxf5 exf5 31. Bxf6 Kxf6 32. c4 Rc5 33. Rgc3 Re8
34. Ke1 a5 35. Bf1 b4 36. axb4 axb4 37. R3c2 Ra8 38. Rd2 Bc6 39. Be2 Ra3 40.
Bd1 Ra6 41. Rcc2 Ke5 42. Ra2 Rca5 43. Rxa5+ Rxa5 44. Rd8 Ra7 45. Rb8 Rb7 46.
Rc8 Bd7 47. Rh8 h6 48. Rg8 Be6 49. Re8 Kf6 50. Kd2 f4 51. Bc2 Rd7+ 52. Ke1 e3
53. fxe3 fxe3 54. Bg6 Rd2 55. Rf8+ Ke5 56. Re8 Kf6 57. Rf8+ Ke5 58. Re8 Kf6 59.
Rf8+ Kg5 60. Rf3 Bg4 61. Rxe3 Rd1+ 62. Kf2 Rd2+ 63. Ke1 Rb2 64. Be8 Kf4 65. Re7
Rxb3 66. Rxg7 Re3+ 67. Kd2 Rxe8 68. Rb7 Rd8+ 69. Ke1 Bxh5 70. Rxb4 Bf3 71. c5+
Ke5 72. Rb6 h5 {Poor Recording} 0-1

[Event "National Chess Championship 2015"]
[Site "SLIIT,Malambe"]
[Date "2015.07.06"]
[Round "6"]
[Board "7"]
[White "Weerawardane, Romesh"]
[Black "Doluweera, Minul Sanjula"]
[Result "1-0"]
[WhiteElo "2110"]
[BlackElo "2042"]
[PlyCount "87"]
[EventDate "2015.07.04"]
[EventRounds "13"]
[EventCountry "SRI"]

1. e4 c6 2. d4 d5 3. e5 Bf5 4. Nf3 e6 5. Be2 Nd7 6. O-O h6 7. Nbd2 Ne7 8. Nb3
Bh7 9. a4 Ng6 10. a5 Be7 11. Be3 O-O 12. c4 f6 13. cxd5 exd5 14. e6 Nb8 15. Bd3
Re8 16. Qc2 Nf8 17. Bxh7+ Nxh7 18. Qg6 Ng5 19. Bxg5 hxg5 20. Qf7+ Kh8 21. h4 g4
22. Nh2 Bd6 23. Nxg4 Re7 24. Qh5+ Kg8 25. Rfe1 Na6 26. Qg6 Kh8 27. h5 Qe8 28.
Qf5 Nc7 29. h6 Rxe6 30. hxg7+ Kxg7 31. Rxe6 Qxe6 32. Qf3 f5 33. Ne3 f4 34. Ng4
Re8 35. Nh2 Qe2 36. Qh3 Re6 37. Nf3 Be7 38. Re1 Qxe1+ 39. Nxe1 Rxe1+ 40. Kh2
Ne6 41. g3 Ng5 42. Qg4 f3 43. Nc5 Bxc5 44. Qxg5+ 1-0

[Event "National Chess Championship 2015"]
[Site "SLIIT,Malambe"]
[Date "2015.07.10"]
[Round "7"]
[Board "1"]
[White "Doluweera, Minul Sanjula"]
[Black "Galappaththi, Chinthaka Anurud"]
[Result "0-1"]
[WhiteElo "2042"]
[BlackElo "2098"]
[PlyCount "84"]
[EventDate "2015.07.04"]
[EventRounds "13"]
[EventCountry "SRI"]

1. d4 g6 2. c4 Bg7 3. Nc3 d6 4. e4 Nc6 5. Be3 e5 6. Nge2 Nf6 7. f3 O-O 8. Qd2
a6 9. d5 Ne7 10. g4 Ne8 11. Nc1 f5 12. Be2 Nf6 13. h3 c6 14. a4 cxd5 15. cxd5
Bd7 16. Nd3 Rc8 17. Qd1 Rxc3 18. bxc3 fxe4 19. fxe4 Nxe4 20. Qb3 Qa5 21. Nb4
Rc8 22. Nc6 bxc6 23. dxc6+ Be6 24. Qxe6+ Kh8 25. Rc1 Rc7 26. Bd3 Nxc3 27. Bd2
e4 28. Bxe4 d5 29. Bd3 Qc5 30. Be3 d4 31. Bf4 Rxc6 32. Qd7 g5 33. Bg3 Rf6 34.
Rf1 Qa3 35. Qe8+ Ng8 36. Kd2 Qb4 37. Kc2 Nd5 38. Kd1 Ne3+ 39. Ke2 Nxf1 40. Rxf1
Qb2+ 41. Kd1 Qa1+ 42. Kd2 Rxf1 0-1

[Event "National Chess Championship 2015"]
[Site "SLIIT,Malambe"]
[Date "2015.07.10"]
[Round "7"]
[Board "2"]
[White "Kurukulasuriya, Prasanna"]
[Black "Weerawardane, Romesh"]
[Result "1/2-1/2"]
[WhiteElo "2084"]
[BlackElo "2110"]
[PlyCount "109"]
[EventDate "2015.07.04"]
[EventRounds "13"]
[EventCountry "SRI"]

1. e4 g6 2. d4 Bg7 3. Nc3 d6 4. Be3 a6 5. a4 b6 6. f4 Nf6 7. Be2 h5 8. Bf3 Ng4
9. Bc1 c5 10. Nge2 Ra7 11. Nd5 e6 12. Ne3 cxd4 13. Nxd4 e5 14. Ne2 exf4 15.
Nxf4 Nc6 16. Nc4 Nd4 17. Nd5 Be6 18. Ncxb6 a5 19. c3 Nxf3+ 20. Qxf3 Rb7 21. Nc4
Bxd5 22. exd5 Re7+ 23. Kd1 Qc7 24. b3 O-O 25. Bf4 Ne5 26. Bxe5 dxe5 27. d6 Rd7
28. Kc2 Qc5 29. Rad1 Re8 30. Qd5 Qf2+ 31. Rd2 Qf5+ 32. Kb2 Qg5 33. Re1 Qf4 34.
g3 Qg5 35. Rde2 Kh7 36. Qxa5 f5 37. Qb5 Red8 38. a5 e4 39. a6 Qf6 40. Rc2 Bf8
41. Rd1 Bxd6 42. Rcd2 e3 43. Rxd6 Rxd6 44. Rxd6 Rxd6 45. Nxd6 Qxd6 46. Qe2 Qe7
47. h4 Kh6 48. b4 g5 49. hxg5+ Kxg5 50. b5 Qc5 51. Kc2 f4 52. gxf4+ Kxf4 53.
Qh2+ Kf3 54. Qh3+ Kf2 55. Qh2+ 1/2-1/2

[Event "National Chess Championship 2015"]
[Site "SLIIT,Malambe"]
[Date "2015.07.10"]
[Round "7"]
[Board "3"]
[White "Naotunna, Dineth Nimnaka"]
[Black "Thilakarathne, G M H"]
[Result "1-0"]
[WhiteElo "1930"]
[BlackElo "1972"]
[PlyCount "85"]
[EventDate "2015.07.04"]
[EventRounds "13"]
[EventCountry "SRI"]

1. d4 Nf6 2. c4 e6 3. Nc3 Bb4 4. Qc2 O-O 5. Nf3 c5 6. dxc5 Bxc5 7. Bg5 Be7 8.
Rd1 Nc6 9. e4 Qc7 10. Be2 a6 11. O-O d6 12. Rd2 h6 13. Bh4 Ne5 14. Nxe5 dxe5
15. Rfd1 g5 16. Bg3 Bd7 17. h4 Rfc8 18. hxg5 hxg5 19. Qd3 Rd8 20. Qe3 Nh7 21.
Bh2 Nf8 22. Bh5 f6 23. Qf3 Kg7 24. Rd3 Ng6 25. Bxg6 Kxg6 26. Qg4 Qc6 27. Qe2
Be8 28. Rh3 Kg7 29. b3 Bg6 30. Rxd8 Rxd8 31. Rd3 Rxd3 32. Qxd3 Bb4 33. f3 Qc5+
34. Kf1 Qd4 35. Qxd4 exd4 36. Nb1 e5 37. Ke2 g4 38. Kf2 gxf3 39. gxf3 Kf7 40.
f4 Bd6 41. Nd2 Bh5 42. c5 Bc7 43. b4 1-0

[Event "National Chess Championship 2015"]
[Site "SLIIT,Malambe"]
[Date "2015.07.10"]
[Round "7"]
[Board "4"]
[White "Piyumantha, M Sasith Nipun"]
[Black "Edirisinghe, Dulan"]
[Result "0-1"]
[WhiteElo "1928"]
[BlackElo "2051"]
[PlyCount "78"]
[EventDate "2015.07.04"]
[EventRounds "13"]
[EventCountry "SRI"]

1. d4 Nf6 2. c4 e6 3. g3 c5 4. d5 exd5 5. cxd5 b5 6. Bg2 d6 7. Nh3 g6 8. O-O
Bg7 9. Re1 O-O 10. a4 b4 11. Nd2 a5 12. Nc4 Ba6 13. Qc2 Bxc4 14. Qxc4 Nbd7 15.
Qc2 Rc8 16. Bf4 Nb6 17. e4 Ng4 18. f3 Ne5 19. Bxe5 Bxe5 20. f4 Bd4+ 21. Kh1 Re8
22. Rad1 Qd7 23. b3 Bc3 24. Re3 c4 25. Rxc3 bxc3 26. Qxc3 cxb3 27. Qxb3 Qxa4
28. Qxa4 Nxa4 29. e5 dxe5 30. d6 Rc5 31. fxe5 Rcxe5 32. Bc6 Re1+ 33. Rxe1 Rxe1+
34. Kg2 Nb6 35. Ng5 Rd1 36. Ne4 f5 37. Nf6+ Kf7 38. Ne8 Ke6 39. Kf3 Nc4 0-1

[Event "National Chess Championship 2015"]
[Site "SLIIT,Malambe"]
[Date "2015.07.10"]
[Round "7"]
[Board "5"]
[White "De Silva, Elath Mathanga"]
[Black "Peiris, T S S"]
[Result "1-0"]
[WhiteElo "1985"]
[BlackElo "2022"]
[PlyCount "75"]
[EventDate "2015.07.04"]
[EventRounds "13"]
[EventCountry "SRI"]

1. d4 d5 2. Bf4 Nf6 3. e3 g6 4. Nf3 Bg7 5. c4 O-O 6. Be2 c5 7. dxc5 Qa5+ 8.
Nbd2 Qxc5 9. O-O dxc4 10. Bxc4 Nc6 11. Rc1 Qf5 12. Bc7 Ne8 13. e4 Qh5 14. Bg3
Bxb2 15. Rb1 Bg7 16. Rb5 Qg4 17. h3 Qd7 18. Rd5 Nd6 19. e5 Nb4 20. Rd4 Nc6 21.
Bb5 Qe6 22. Bxc6 bxc6 23. exd6 Bxd4 24. Nxd4 Qd5 25. dxe7 Re8 26. N2b3 Rxe7 27.
Qc1 Bb7 28. Nf3 Qf5 29. Nc5 Bc8 30. Qc3 f6 31. Rd1 Be6 32. Re1 Rae8 33. Nd4 Qd5
34. Ndxe6 Rxe6 35. Nxe6 Rxe6 36. Rxe6 Qxe6 37. Qb3 Kf7 38. Kf1 1-0

[Event "National Chess Championship 2015"]
[Site "SLIIT,Malambe"]
[Date "2015.07.10"]
[Round "7"]
[Board "6"]
[White "Alahakoon, Isuru"]
[Black "Herath, H M A K"]
[Result "1-0"]
[WhiteElo "2054"]
[BlackElo "2014"]
[PlyCount "69"]
[EventDate "2015.07.04"]
[EventRounds "13"]
[EventCountry "SRI"]

1. e4 c5 2. Nf3 d6 3. d4 cxd4 4. Nxd4 Nf6 5. Nc3 g6 6. Be3 Bg7 7. f3 O-O 8. Qd2
Nc6 9. O-O-O Bd7 10. g4 Ne5 11. h4 Qa5 12. Nb3 Qc7 13. Be2 Rfc8 14. h5 a5 15.
hxg6 fxg6 16. g5 Nh5 17. Nd5 Qd8 18. Bb6 Qf8 19. Nc7 a4 20. Na5 Ng3 21. Nxa8
Nxh1 22. Rxh1 Rxa8 23. f4 Nc6 24. Bc4+ e6 25. Nxc6 bxc6 26. Qh2 Qb8 27. Qxh7+
Kf8 28. f5 Bxb2+ 29. Kxb2 Qxb6+ 30. Kc3 Qe3+ 31. Bd3 Qc5+ 32. Kd2 Qf2+ 33. Kd1
d5 34. f6 Qf3+ 35. Be2 1-0